000 00662cam a2200169 a 4500
082 _a962.04
_bNEU
100 1 _aNeufeld, Charles,
_950181
245 1 2 _aA prisoner of the khaleefa :
_btwelve years' captivity at Omdurman /
_cby Charles Neufeld.
260 _aNew York :
_bG.P. Putnam's Sons ;
_aLondon :
_bChapman & Hall,
_c1899.
300 _axiv, 365 p., [32] leaves of plates :
_bill., map, plans, ports. ;
_c23 cm.
500 _aIncludes index.
526 _a0
_b0
_c0
_d962_040000000000000_NEU
650 0 _aMCE
_9379
650 0 _aPrisoners
_zSudan
_zOmdurman.
_950182
710 2 _aOliver Wendell Holmes Collection (Library of Congress)
_911507
942 _2ddc
_cBK
999 _c552910
_d552910